Movies Quiz

Random Movies Quiz

Hanks: Dead or Alive? Quiz Stats

 Plays Quiz not verified by Sporcle

Challenge
Share
Tweet
Embed
Score 0/20 Timer 03:00
0 Plays Today
Hint Answer % Correct
Sleepless In Seattle???
95.9%
Cast Away???
94.5%
Forrest Gump???
93.6%
Catch Me If You Can???
93.1%
Turner & Hooch???
90.8%
Captain Phillips???
89%
Philadelphia???
88.5%
Apollo 13???
88.1%
The Green Mile???
87.2%
Saving Private Ryan???
86.7%
Hint Answer % Correct
Road to Perdition???
83.5%
The Burbs???
83.5%
Joe Versus The Volcano???
81.7%
Saving Mr Banks???
80.3%
Charlie Wilson's War???
79.4%
Extremely Loud and Incredibly Close???
75.2%
The Man With One Red Shoe???
73.4%
Cloud Atlas (Isaac Sachs)???
61%
The Lady Killers???
52.3%
A League of Their Own???
40.8%

You're not logged in!

Compare scores with friends on all Sporcle quizzes.
Join for Free
OR
Log In

You Might Also Like...

Show Comments

Extras

Top Quizzes Today


Score Distribution

Your Account Isn't Verified!

In order to create a playlist on Sporcle, you need to verify the email address you used during registration. Go to your Sporcle Settings to finish the process.

Report this User

Report this user for behavior that violates our Community Guidelines.

Details: